[Event "Aragon-chT Honor Gr-II"]
[Site "Aragon"]
[Date "2020.02.08"]
[Round "3.12"]
[White "Rodriguez Aranda, Kevin"]
[Black "Dan, Teodor"]
[Result "1/2-1/2"]
[WhiteElo "1738"]
[BlackElo "2094"]
[PlyCount "54"]
[EventDate "2020.01.25"]
[EventType "team-tourn"]
[EventRounds "7"]
[EventCountry "ESP"]
[SourceTitle "EXT 2022"]
[Source "ChessBase"]
[SourceDate "2021.10.06"]
[SourceVersion "1"]
[SourceVersionDate "2021.10.06"]
[SourceQuality "1"]
[WhiteTeam "Monzon"]
[BlackTeam "Palacio de Pioneros"]
[WhiteTeamCountry "ESP"]
[BlackTeamCountry "ESP"]

1. e4 c5 2. Nf3 d6 3. d4 cxd4 4. Nxd4 Nf6 5. Nc3 a6 6. Bg5 e6 7. Qd2 Nbd7 8. Be2 b5 9. a3 Bb7 10. f3 Be7 11. 0-0-0 0-0 12. h4 d5 13. exd5 Nxd5 14. Nxd5 Bxd5 15. Nf5 exf5 16. Bxe7 Qxe7 17. Qxd5 Nb6 18. Qd4 Na4 19. Bd3 Rfd8 20. Rhe1 Qc7 21. Qe5 Qxe5 22. Rxe5 g6 23. Rde1 Rac8 24. h5 Nc5 25. Bf1 Nb3+ 26. Kb1 Nd2+ 27. Kc1 Nb3+ 1/2-1/2

[Event "Aragon-chT Preferente Gr I "]
[Site "Aragon"]
[Date "2018.02.03"]
[Round "2.34"]
[White "Rodriguez Aranda, Kevin"]
[Black "Serrano San Nicolas, Angel"]
[Result "1/2-1/2"]
[WhiteElo "1734"]
[BlackElo "1998"]
[PlyCount "154"]
[EventDate "2018.01.27"]
[EventType "team-tourn"]
[EventRounds "9"]
[EventCountry "ESP"]
[SourceTitle "EXT 2019"]
[Source "ChessBase"]
[SourceDate "2018.10.10"]
[SourceVersion "1"]
[SourceVersionDate "2018.10.10"]
[SourceQuality "1"]
[WhiteTeam "Monzon II"]
[BlackTeam "Actur Rey Fernando"]
[WhiteTeamCountry "ESP"]
[BlackTeamCountry "ESP"]

1. e4 g6 2. d4 Bg7 3. Nf3 d6 4. Bc4 e6 5. 0-0 a6 6. a4 b6 7. c3 Bb7 8. Re1 h6 9. Qe2 Ne7 10. Bf4 Nd7 11. Na3 Qb8 12. Rad1 Qa7 13. Nc2 Nf8 14. b4 g5 15. Bg3 Nh7 16. h3 Ng6 17. e5 Bxf3 18. Qxf3 d5 19. Bd3 Ne7 20. h4 Nf8 21. Qg4 Nfg6 22. Bxg6 Nxg6 23. hxg5 h5 24. Qf3 h4 25. Bh2 c6 26. c4 Qe7 27. b5 axb5 28. axb5 Qxg5 29. bxc6 Ne7 30. Ne3 dxc4 31. Nxc4 0-0 32. Nxb6 Ra6 33. Nd7 Rc8 34. c7 Rxc7 35. Nf6+ Kh8 36. Qd3 Bxf6 37. exf6 Nd5 38. Bxc7 Nxc7 39. Re5 Qxf6 40. Rb1 Ra8 41. Rh5+ Kg7 42. Qh7+ Kf8 43. Qh8+ Ke7 44. Qxf6+ Kxf6 45. Rxh4 Ra7 46. Rf4+ Ke7 47. Re1 Ra4 48. Rb1 Ra7 49. Re4 Kd7 50. g4 Kd6 51. Re5 Nd5 52. g5 Ra4 53. Rd1 Ra8 54. Kg2 Rg8 55. Kf3 Ra8 56. Kg4 Rg8 57. Kh5 Rh8+ 58. Kg4 Rg8 59. Ree1 Rg6 60. f4 f5+ 61. Kf3 Rg8 62. Ra1 Rb8 63. Ra6+ Kd7 64. Raxe6 Rb3+ 65. R1e3 Rb1 66. R3e5 Rb3+ 67. Re3 Rb1 68. Re1 Rb2 69. g6 Rb3+ 70. R1e3 Nxe3 71. g7 Ng4+ 72. Kg2 Rb8 73. Rg6 Rg8 74. Kg3 Ke7 75. Kh4 Kf7 76. Kg5 Ne3 77. Kh6 Ng4+ 1/2-1/2